{"text_format":"3","workbook":"xlsx","n_sheets":7,"sheets":["表3-5 单位工程预算价汇总表","表3-6 分部分项工程计价表","3.1措施项目费汇总表（输出清单项）","表3-13 其他项目计价表","表3-19 规费和税金项目计算表","5.5主要材料价格表","1.1.2综合单价计算表"],"read":"whole","date_system":"1900"}

{"sheet":"表3-5 单位工程预算价汇总表","index":0,"n_rows":22,"n_cols":6,"rows_kept":22,"merged":[[0,0,0,5],[1,0,1,2],[1,4,1,5],[2,2,2,4],[3,2,3,4],[4,2,4,4],[5,2,5,4],[6,2,6,4],[7,2,7,4],[8,2,8,4],[9,2,9,4],[10,2,10,4],[11,2,11,4],[12,2,12,4],[13,2,13,4],[14,2,14,4],[15,2,15,4],[16,2,16,4],[17,2,17,4],[18,2,18,4],[19,2,19,4],[20,2,20,4],[21,2,21,4],[22,2,22,4],[23,2,23,4],[24,2,24,4],[25,2,25,4],[26,2,26,4],[27,2,27,4],[28,2,28,4],[29,2,29,4],[30,2,30,4],[31,2,31,4],[32,2,32,4],[33,2,33,4],[34,2,34,4],[35,2,35,4]]}
["单位工程造价汇总表"]
["工程名称：南村镇樟边小学围墙加高改造工程总预算（含其他费用及预备费）",{"$nulls":3},"第 1 页  共 1 页"]
["序号","费 用 名 称","计 算 基 础",null,null,"金  额（元）"]
["1","分部分项合计","分部分项合计",null,null,94115.04]
["2","措施合计","绿色施工安全防护措施费+其他措施费",null,null,10088.27]
["2.1","绿色施工安全防护措施费","安全及文明施工措施费",null,null,10088.27]
["2.2","其他措施费","其他措施费"]
["3","其他项目","其他项目合计",null,null,2636.44]
["3.1","暂列金额","暂列金额"]
["3.2","暂估价","暂估价合计"]
["3.3","计日工","计日工"]
["3.4","总承包服务费","总承包服务费"]
["3.5","预算包干费","预算包干费",null,null,2636.44]
["3.6","工程优质费","工程优质费"]
["3.7","概算幅度差","概算幅度差"]
["3.8","索赔费用","索赔费用"]
["3.9","现场签证费用","现场签证费用"]
["3.10","其他费用","其他费用"]
["4","税前工程造价","分部分项合计+措施合计+其他项目",null,null,106839.75]
["5","增值税销项税额","分部分项合计+措施合计+其他项目",null,null,9615.58]
["6","总造价","分部分项合计+措施合计+其他项目+增值税销项税额",null,null,116455.33]
["7","人工费","分部分项人工费+技术措施项目人工费",null,null,33602.57]

{"sheet":"表3-6 分部分项工程计价表","index":1,"n_rows":33,"n_cols":10,"rows_kept":33,"merged":[[0,0,0,9],[1,0,1,5],[1,7,1,9],[2,0,3,0],[2,1,3,1],[2,2,3,2],[2,3,3,3],[2,4,3,4],[2,5,3,7],[2,8,2,9],[4,5,4,7],[5,5,5,7],[6,5,6,7],[7,2,7,3],[7,5,7,7],[8,5,8,7],[9,5,9,7],[10,5,10,7],[11,5,11,7],[12,5,12,7],[13,5,13,7],[14,5,14,7],[15,5,15,7],[16,5,16,7],[17,5,17,7],[18,5,18,7],[19,5,19,7],[20,5,20,7],[21,5,21,7],[22,5,22,7],[23,5,23,7],[24,5,24,7],[25,5,25,7],[26,5,26,7],[27,5,27,7],[28,5,28,7],[29,5,29,7],[30,5,30,7],[31,0,31,8],[32,0,32,8]]}
["分部分项工程计价表"]
["工程名称：南村镇樟边小学围墙加高改造工程总预算（含其他费用及预备费）",{"$nulls":6},"第 1 页  共 1 页"]
["序号","项目编码","项目名称","项目特征描述","计量\n单位","工程数量",null,null,"金额（元）"]
[{"$nulls":8},"综合单价","合价"]
[1,"011503001004","金属扶手、栏杆、栏板","1.部位:A段围墙\n2.材质:1.2厚25X25镀锌钢管\n3.防腐刷油:一底（防锈漆）两面（灰色漆）","m","50.4",null,null,159.72,8049.89]
[2,"011503001005","金属扶手、栏杆、栏板","1.部位:B、C、D、E段围墙\n2.材质:1.2厚25X25不锈钢管（304）\n3.防腐刷油:机喷防锈漆 二遍","m","473",null,null,151.95,71872.35]
[3,"040901008001","植筋","1.部位:栏栅跨柱位时栏栅立杆埋入柱内50mm深\n2.材料规格:DN25","根","314",null,null,45.2,14192.8]
[{"$nulls":9},94115.04]
{"$rows_empty":23}
["本页小计",{"$nulls":8},94115.04]
["合  计",{"$nulls":8},94115.04]

{"sheet":"3.1措施项目费汇总表（输出清单项）","index":2,"n_rows":38,"n_cols":8,"rows_kept":38,"merged":[[0,0,0,7],[1,0,1,5],[1,6,1,7],[2,0,2,0],[2,1,2,2],[2,3,2,3],[2,4,2,4],[2,5,2,6],[3,1,3,2],[3,5,3,6],[4,1,4,2],[4,5,4,6],[5,1,5,2],[5,5,5,6],[6,1,6,2],[6,5,6,6],[7,1,7,2],[7,5,7,6],[8,1,8,2],[8,5,8,6],[9,1,9,2],[9,5,9,6],[10,1,10,2],[10,5,10,6],[11,1,11,2],[11,5,11,6],[12,1,12,2],[12,5,12,6],[13,1,13,2],[13,5,13,6],[14,1,14,2],[14,5,14,6],[15,1,15,2],[15,5,15,6],[16,1,16,2],[16,5,16,6],[17,1,17,2],[17,5,17,6],[18,1,18,2],[18,5,18,6],[19,1,19,2],[19,5,19,6],[20,1,20,2],[20,5,20,6],[21,1,21,2],[21,5,21,6],[22,1,22,2],[22,5,22,6],[23,1,23,2],[23,5,23,6],[24,1,24,2],[24,5,24,6],[25,1,25,2],[25,5,25,6],[26,1,26,2],[26,5,26,6],[27,1,27,2],[27,5,27,6],[28,1,28,2],[28,5,28,6],[29,1,29,2],[29,5,29,6],[30,1,30,2],[30,5,30,6],[31,1,31,2],[31,5,31,6],[32,1,32,2],[32,5,32,6],[33,1,33,2],[33,5,33,6],[34,1,34,2],[34,5,34,6],[35,1,35,2],[35,5,35,6],[36,1,36,2],[36,5,36,6],[37,1,37,2],[37,5,37,6]]}
["措施项目费汇总表"]
["工程名称：南村镇樟边小学围墙加高改造工程总预算（含其他费用及预备费）",{"$nulls":5},"第 1 页 共 1 页"]
["编码","名称",null,"单位","数量","单价（元）",null,"合价（元）"]
["1","绿色施工安全防护措施费"]
["1.1","综合脚手架",null,"项",1,2932.22,null,2932.22]
["粤011701012001","活动脚手架",null,"m2",1357.51,2.16,null,2932.22]
["1.2","靠脚手架安全挡板",null,"项",1]
["1.3","密目式安全网",null,"项",1]
["1.4","围尼龙编织布",null,"项",1]
["1.5","模板的支架",null,"项",1]
["1.6","施工现场围挡和临时占地围挡",null,"项",1]
["1.7","施工围挡照明",null,"项",1]
["1.8","临时钢管架通道",null,"项",1]
["1.9","独立安全防护挡板",null,"项",1]
["1.10","吊装设备基础",null,"项",1]
["1.11","防尘降噪绿色施工防护棚",null,"项",1]
["1.12","施工便道",null,"项",1]
["1.13","样板引路",null,"项",1]
["LSSGCSF00001","绿色施工安全防护措施费",null,"项","RGF+JXF","19%",null,7156.05]
[null,"小计",null,"元",{"$nulls":3},10088.27]
["2","措施其他项目"]
["WMGDZJF00001","文明工地增加费",null,"项","RGF+JXF","0%"]
["011707002001","夜间施工增加费",null,"项",null,"20%"]
["GGCSF0000001","赶工措施费",null,"项","RGF+JXF","0%"]
["QTFY00000001","其他费用",null,"项",1]
["2.5","模板工程",null,"项",1]
["2.6","垂直运输工程",null,"项",1]
["2.7","材料及小型构件二次水平运输",null,"项",1]
["2.8","成品保护工程",null,"项",1]
["2.9","井点降水工程",null,"项",1]
[null,"小计",null,"元"]
[]
[]
[]
[]
[]
[]
[null,"合计",{"$nulls":5},"10088.27"]

{"sheet":"表3-13 其他项目计价表","index":3,"n_rows":31,"n_cols":7,"rows_kept":31,"merged":[[0,0,0,6],[1,0,1,3],[1,5,1,6],[2,3,2,5],[3,3,3,5],[4,3,4,5],[5,3,5,5],[6,3,6,5],[7,3,7,5],[8,3,8,5],[9,3,9,5],[10,3,10,5],[11,3,11,5],[12,3,12,5],[13,3,13,5],[14,3,14,5],[15,3,15,5],[16,3,16,5],[17,3,17,5],[18,3,18,5],[19,3,19,5],[20,3,20,5],[21,3,21,5],[22,3,22,5],[23,3,23,5],[24,3,24,5],[25,3,25,5],[26,3,26,5],[27,3,27,5],[28,3,28,5],[29,3,29,5],[30,0,30,2],[30,3,30,5]]}
["其他项目清单与计价表"]
["工程名称：南村镇樟边小学围墙加高改造工程总预算（含其他费用及预备费）",{"$nulls":4},"第 1 页  共 1 页"]
["序号","项目名称","单位","金额（元）",null,null,"备注"]
["1","暂列金额","项"]
["2","暂估价","项"]
["2.1","材料暂估价","项"]
["2.2","专业工程暂估价","项"]
["3","计日工","项"]
["4","总承包服务费","项"]
["5","预算包干费","项",2636.44,null,null,"按分部分项的人工费与施工机具费之和的 7.00%计算"]
["6","工程优质费","项",{"$nulls":3},"按分部分项的人工费与施工机具费之和为计算基础\n国家级质量奖：12.00%；省级质量奖：7.50%；市级质量奖：4.50%"]
["7","概算幅度差","项",{"$nulls":3},"按分部分项工程费为计算基础\n建筑工程：3.00%；"]
["8","现场签证费用","项"]
["9","索赔费用","项"]
["10","其他费用","项",{"$nulls":3},"按实际发生或经批准的施工方案计算"]
{"$rows_empty":15}
["合    计",null,null,"2636.44",null,null,"-"]

{"sheet":"表3-19 规费和税金项目计算表","index":4,"n_rows":38,"n_cols":7,"rows_kept":38,"merged":[[0,0,0,6],[1,0,1,3],[1,5,1,6],[2,3,2,5],[3,3,3,5],[4,3,4,5],[5,3,5,5],[6,3,6,5],[7,3,7,5],[8,3,8,5],[9,3,9,5],[10,3,10,5],[11,3,11,5],[12,3,12,5],[13,3,13,5],[14,3,14,5],[15,3,15,5],[16,3,16,5],[17,3,17,5],[18,3,18,5],[19,3,19,5],[20,3,20,5],[21,3,21,5],[22,3,22,5],[23,3,23,5],[24,3,24,5],[25,3,25,5],[26,3,26,5],[27,3,27,5],[28,3,28,5],[29,3,29,5],[30,3,30,5],[31,3,31,5],[32,3,32,5],[33,3,33,5],[34,3,34,5],[35,3,35,5],[36,3,36,5],[37,0,37,5]]}
["规费和税金项目清单与计价表"]
["工程名称：南村镇樟边小学围墙加高改造工程总预算（含其他费用及预备费）",{"$nulls":4},"第 1 页  共 1 页"]
["序号","项 目 名 称","计 算 基 础","费率（%）",null,null,"金额（元）"]
["1","增值税销项税额","分部分项合计+措施合计+其他项目","9",null,null,9615.58]
{"$rows_empty":33}
["合计",{"$nulls":5},9615.58]

{"sheet":"5.5主要材料价格表","index":5,"n_rows":37,"n_cols":10,"rows_kept":37,"merged":[[0,0,0,9],[1,0,1,5],[1,7,1,9],[2,5,2,7],[3,5,3,7],[4,5,4,7],[5,5,5,7],[6,5,6,7],[7,5,7,7],[8,5,8,7],[9,5,9,7],[10,5,10,7],[11,5,11,7],[12,5,12,7],[13,5,13,7],[14,5,14,7],[15,5,15,7],[16,5,16,7],[17,5,17,7],[18,5,18,7],[19,5,19,7],[20,5,20,7],[21,5,21,7],[22,5,22,7],[23,5,23,7],[24,5,24,7],[25,5,25,7],[26,5,26,7],[27,5,27,7],[28,5,28,7],[29,5,29,7],[30,5,30,7],[31,5,31,7],[32,5,32,7],[33,5,33,7],[34,5,34,7],[35,5,35,7],[36,5,36,7]]}
["主要材料价格表"]
["工程名称：南村镇樟边小学围墙加高改造工程总预算（含其他费用及预备费）",{"$nulls":6},"第 1 页  共 1 页"]
["序号","材料编码","材料名称","规格","单位","数量",null,null,"市场价\n（元）","市场价合计（元）"]
[1,"03135001@1","低碳钢焊条","综合","kg",130.85,null,null,4.98,651.63]
[2,"03213121","镀锌铁件",null,"kg",1163.0471,null,null,4.06,4721.97]
[3,"13010130","酚醛调和漆",null,"kg",124.5289,null,null,11.7,1456.99]
[4,"13050450","酚醛铁红防锈漆",null,"kg",68.0353,null,null,16.77,1140.95]
[5,"14010030","松节油",null,"kg",51.3909,null,null,8.84,454.3]
[6,"17030005@7","镀锌方钢管","25*25*1.2","kg",4478.778,null,null,3.9,17467.23]
[7,"20010010@1","镀锌法兰","DN32","片",5830.676,null,null,2.67,15567.9]
[8,"99450760","其他材料费",null,"元",761.6756,null,null,1,761.68]
{"$rows_empty":25}
[null,null,"合  计",{"$nulls":6},42222.65]

{"sheet":"1.1.2综合单价计算表","index":6,"n_rows":35,"n_cols":9,"rows_kept":35,"merged":[[0,0,0,8],[1,0,1,5],[1,6,1,8],[2,0,2,0],[2,1,2,1],[2,2,2,3],[2,4,2,4],[2,5,2,6],[2,7,2,7],[3,0,3,0],[3,2,3,3],[3,5,3,6],[4,0,6,0],[4,2,4,3],[4,5,4,6],[5,2,5,3],[5,5,5,6],[6,2,6,3],[6,5,6,6],[7,0,7,0],[7,2,7,3],[7,5,7,6],[8,0,10,0],[8,2,8,3],[8,5,8,6],[9,2,9,3],[9,5,9,6],[10,2,10,3],[10,5,10,6],[11,0,11,0],[11,2,11,3],[11,5,11,6],[12,0,12,0],[12,2,12,3],[12,5,12,6],[13,0,13,0],[13,2,13,3],[13,5,13,6],[14,0,14,0],[14,2,14,3],[14,5,14,6],[15,0,15,0],[15,2,15,3],[15,5,15,6],[16,0,16,0],[16,2,16,3],[16,5,16,6],[17,0,17,0],[17,2,17,3],[17,5,17,6],[18,0,18,0],[18,2,18,3],[18,5,18,6],[19,0,19,0],[19,2,19,3],[19,5,19,6],[20,0,20,0],[20,2,20,3],[20,5,20,6],[21,0,21,0],[21,2,21,3],[21,5,21,6],[22,0,22,0],[22,2,22,3],[22,5,22,6],[23,0,23,0],[23,2,23,3],[23,5,23,6],[24,0,24,0],[24,2,24,3],[24,5,24,6],[25,0,25,0],[25,2,25,3],[25,5,25,6],[26,0,26,0],[26,2,26,3],[26,5,26,6],[27,0,27,0],[27,2,27,3],[27,5,27,6],[28,0,28,0],[28,2,28,3],[28,5,28,6],[29,0,29,0],[29,2,29,3],[29,5,29,6],[30,0,30,0],[30,2,30,3],[30,5,30,6],[31,0,31,0],[31,2,31,3],[31,5,31,6],[32,0,32,0],[32,2,32,3],[32,5,32,6],[33,0,33,0],[33,2,33,3],[33,5,33,6],[34,2,34,3],[34,5,34,6]]}
["综合单价计算表"]
["工程名称：南村镇樟边小学围墙加高改造工程总预算（含其他费用及预备费）",{"$nulls":5},"第 1 页 共 1 页"]
["序号","编码","名称",null,"单位","工程量",null,"综合单价\n（元）","综合合价\n（元）"]
[1,"011503001004","金属扶手、栏杆、栏板",null,"m","50.4",null,159.72,8049.89]
[null,"A1-16-106 换","钢栏杆 制安(圆钢、镀锌钢管）",null,"100m",0.504,null,14112.57,7112.74]
[null,"A1-15-124","防锈漆 一遍  \u007f",null,"100m2",0.584942,null,552.06,322.92]
[null,"A1-15-100 换","金属面调和漆 调和漆一遍 \u007f实际遍数(遍):2",null,"100m2",0.584942,null,1049.89,614.12]
[2,"011503001005","金属扶手、栏杆、栏板",null,"m","473",null,151.95,71872.35]
[null,"A1-16-106 换","钢栏杆 制安(圆钢、镀锌钢管）",null,"100m",4.73,null,13335.28,63075.87]
[null,"A1-15-124","防锈漆 一遍  \u007f",null,"100m2",5.489638,null,552.06,3030.61]
[null,"A1-15-100 换","金属面调和漆 调和漆一遍 \u007f实际遍数(遍):2",null,"100m2",5.489638,null,1049.89,5763.52]
[3,"040901008001","植筋",null,"根","314",null,45.2,14192.8]
[null,"A1-5-160","植筋 钢筋直径(mm) 25",null,"10根",31.4,null,451.99,14192.49]
{"$rows_empty":21}
[null,null,"合   计",{"$nulls":5},94115.04]